[Event "FRA-ch Blitz Online Qual"]
[Site "Europe Echecs INT"]
[Date "2020.05.16"]
[Round "8"]
[White "Condat, Hugo"]
[Black "Moindjie, Nassuf"]
[Result "1-0"]
[WhiteElo "1961"]
[BlackElo "1471"]
[PlyCount "59"]
[EventDate "2020.05.16"]
[EventType "swiss (blitz)"]
[EventRounds "15"]
[EventCountry "FRA"]
[SourceTitle "CBM 196 Extra"]
[Source "ChessBase"]
[SourceDate "2020.07.31"]
[SourceVersion "1"]
[SourceVersionDate "2020.07.31"]
[SourceQuality "1"]

1. e4 c5 2. Nf3 Nc6 3. Bb5 g6 4. Bxc6 bxc6 5. d4 cxd4 6. Qxd4 Nf6 7. e5 Nd5 8. c4 Nb4 9. Qc3 c5 10. a3 Nc6 11. e6 f6 12. exd7+ Bxd7 13. 0-0 Bg7 14. Nbd2 0-0 15. Re1 e5 16. b4 cxb4 17. axb4 Qc7 18. Ba3 e4 19. Nd4 Nxd4 20. Qxd4 f5 21. Qd5+ Kh8 22. Rad1 Bc6 23. Qc5 Rf7 24. Nb3 a6 25. b5 axb5 26. cxb5 Bb7 27. Qxc7 Rxc7 28. Bd6 Rc3 29. Nc5 Bc8 30. b6 1-0

[Event "Djerba Go Makkah op-B"]
[Site "Djerba"]
[Date "2020.02.22"]
[Round "8"]
[White "Elhijazi, Amine"]
[Black "Condat, Hugo"]
[Result "0-1"]
[WhiteElo "1920"]
[BlackElo "1946"]
[PlyCount "48"]
[EventDate "2020.02.16"]
[EventType "swiss"]
[EventRounds "9"]
[EventCountry "TUN"]
[SourceTitle "EXT 2021"]
[Source "ChessBase"]
[SourceDate "2020.10.23"]
[SourceVersion "1"]
[SourceVersionDate "2020.10.23"]
[SourceQuality "1"]

1. Nf3 f5 2. g3 Nf6 3. Bg2 d6 4. d3 e5 5. c4 g6 6. Nc3 Bg7 7. 0-0 c6 8. c5 e4 9. Ng5 d5 10. dxe4 fxe4 11. f3 exf3 12. Bxf3 0-0 13. Bg2 Qe7 14. Qd3 Na6 15. Na4 Bf5 16. e4 Nxe4 17. Nxe4 Bxe4 18. Bxe4 Rxf1+ 19. Kxf1 Qxe4 20. Qxe4 dxe4 21. Rb1 Bd4 22. b4 Rf8+ 23. Ke1 Rf2 24. Bb2 Rxh2 0-1

[Event "FRA-ch High Schools"]
[Site "Asnieres sur Seine"]
[Date "2018.05.06"]
[Round "8.10"]
[White "Condat, Hugo"]
[Black "Mertz, Cyril"]
[Result "1-0"]
[WhiteElo "2010"]
[BlackElo "1537"]
[PlyCount "71"]
[EventDate "2018.05.12"]
[EventType "swiss (rapid)"]
[EventRounds "17"]
[EventCountry "FRA"]
[SourceTitle "EXT 2019"]
[Source "ChessBase"]
[SourceDate "2018.10.10"]
[SourceVersion "1"]
[SourceVersionDate "2018.10.10"]
[SourceQuality "1"]

1. e4 e6 2. d4 d5 3. exd5 exd5 4. Bd3 Nc6 5. Ne2 h6 6. Bf4 Nf6 7. Nbc3 Be6 8. Qd2 a6 9. h3 Nb4 10. g4 Nxd3+ 11. Qxd3 g5 12. Be5 Bg7 13. Ng3 Qd7 14. Bxf6 Bxf6 15. Nh5 Qe7 16. 0-0-0 0-0-0 17. Qf3 Rd6 18. Qxf6 Qe8 19. Qe5 Rf8 20. Ng7 Qd7 21. Nxe6 Rxe6 22. Qxd5 Qe7 23. Qc5 Qd8 24. Qa7 Qd6 25. Rhe1 Rxe1 26. Rxe1 Qf4+ 27. Kb1 Qxf2 28. Rd1 Re8 29. Qa8+ Kd7 30. Qxb7 Qh2 31. a3 Qxh3 32. Nd5 Rc8 33. Nf6+ Ke7 34. Qxc8 Kxf6 35. Qf5+ Kg7 36. Rf1 1-0